[Event "XXXIII C.to Italiano a squadre A2.1"]
[Site "ITA"]
[Date "2001.03.25"]
[Round "3"]
[White "Collareta, Giovanni"]
[Black "Guido, Flavio"]
[WhiteElo "2115"]
[BlackElo "2362"]
[Result "0-1"]
[PlyCount "80"]
[EventDate "2001.02.25"]

1. e4 c5 2. Nf3 e6 3. d4 cxd4 4. Nxd4 Nf6 5. Nc3 d6 6. Be3 a6 7. f3 b5 8. Qd2
Nbd7 9. g4 Nb6 10. O-O-O Bb7 11. Qf2 Nfd7 12. Bd3 Rc8 13. Nce2 Be7 14. h4 Na4
15. Kb1 Ne5 16. g5 O-O 17. Rhg1 d5 18. exd5 Bxd5 19. Nf4 Bxa2+ 20. Kxa2 Qa5 21.
Kb1 Nxb2 22. Nb3 Nxd1 23. Nxa5 Nxf2 24. Bxf2 Nxf3 25. Rh1 Rfd8 26. Nb3 Ne5 27.
Be2 Nc4 28. Bd3 a5 29. Rd1 Bb4 30. h5 a4 31. Nc5 e5 32. Na6 Be7 33. Nd5 Rxd5
34. Bxh7+ Kxh7 35. Rxd5 Na3+ 36. Ka1 Bxg5 37. Nc5 Nxc2+ 38. Kb1 Nb4 39. Rxe5
Bf6 40. Rf5 a3 0-1

[Event "XXXIII C.to Italiano a squadre A2.1"]
[Site "ITA"]
[Date "2001.03.25"]
[Round "3"]
[White "De Santis, Alessio"]
[Black "Ranieri, Fabrizio"]
[WhiteElo "2343"]
[BlackElo "2164"]
[Result "0-1"]
[PlyCount "59"]
[EventDate "2001.02.25"]

1. c4 e6 2. e3 d5 3. b3 Nf6 4. Bb2 Be7 5. Nf3 O-O 6. Be2 c5 7. Qc2 Nc6 8. a3 b6
9. O-O Bb7 10. d3 Qc7 11. Nbd2 Rfd8 12. cxd5 Nxd5 13. Rac1 Rac8 14. Ne4 h6 15.
Qb1 f5 16. Ng3 Bf6 17. d4 cxd4 18. exd4 Qf7 19. Rfd1 Nce7 20. Ne5 Bxe5 21. dxe5
Ng6 22. Bf1 Ngf4 23. Rc4 h5 24. Bc1 g5 25. Bxf4 gxf4 26. Ne2 f3 27. gxf3 Qg7+
28. Bg2 Ba6 29. Qc1 h4 30. Kh1 0-1

[Event "XXXIII C.to Italiano a squadre A2.1"]
[Site "ITA"]
[Date "2001.03.25"]
[Round "3"]
[White "Faraoni, Enrico"]
[Black "Aglietti, Graziano"]
[WhiteElo "2168"]
[BlackElo "2087"]
[Result "1/2-1/2"]
[PlyCount "89"]
[EventDate "2001.02.25"]

1. d4 Nf6 2. c4 g6 3. Nc3 d5 4. Nf3 Bg7 5. Qb3 dxc4 6. Qxc4 O-O 7. e4 Bg4 8.
Be3 Bxf3 9. gxf3 Nc6 10. O-O-O Nd7 11. h4 h5 12. Rg1 Nb6 13. Qb3 Kh7 14. e5 Bh6
15. f4 Qd7 16. Bd3 e6 17. Ne4 Nd5 18. Qxd5 Qxd5 19. Nf6+ Kh8 20. Nxd5 exd5 21.
e6 fxe6 22. Rxg6 Bxf4 23. Bxf4 Rxf4 24. Rh1 Kh7 25. Rg5+ Kh8 26. Rxh5+ Kg7 27.
f3 Rxd4 28. Rg1+ Kf6 29. Rg6+ Ke7 30. Rh7+ Kd6 31. Bf5 Rc4+ 32. Kd2 Nd4 33. b3
Rc6 34. Bg4 Kc5 35. Rf7 Rh8 36. h5 Kb6 37. h6 e5 38. Rxc6+ Kxc6 39. h7 Kd6 40.
Rd7+ Kc6 41. Rf7 Kd6 42. Rd7+ Kc6 43. Rg7 Kb6 44. Rd7 Kc6 45. Ke3 1/2-1/2

[Event "XXXIII C.to Italiano a squadre A2.1"]
[Site "ITA"]
[Date "2001.03.25"]
[Round "3"]
[White "Mariano, Elia"]
[Black "Racioppo, Paolo"]
[WhiteElo "2156"]
[BlackElo "2198"]
[Result "0-1"]
[PlyCount "81"]
[EventDate "2001.02.25"]

1. d4 f5 2. e4 fxe4 3. Nc3 Nf6 4. Bg5 c6 5. Bxf6 exf6 6. Nxe4 d5 7. Ng3 Qb6 8.
Qe2+ Kf7 9. O-O-O Na6 10. Nh3 g6 11. Kb1 h5 12. Nf4 Bd6 13. Qd2 h4 14. Nge2 Bf5
15. g4 Be4 16. Bg2 Bxg2 17. Nxg2 Rae8 18. h3 Ba3 19. c3 Qxb2+ 20. Qxb2 Bxb2 21.
Rhe1 Ba3 22. Ng1 g5 23. f4 Rxe1 24. Rxe1 Re8 25. Rf1 Kg6 26. fxg5 fxg5 27. Rf5
Rf8 28. Ne3 Nc7 29. Nf3 Rxf5 30. Nxf5 Ne6 31. Ne5+ Kh7 32. Nd3 a5 33. Kc2 a4
34. Kd2 b6 35. Ke2 c5 36. dxc5 bxc5 37. Ke3 c4 38. Ne5 Bb2 39. Ne7 Bxc3 40. Nf3
Nf4 41. Nc6 0-1

[Event "XXXIII C.to Italiano a squadre A2.1"]
[Site "ITA"]
[Date "2001.04.08"]
[Round "4"]
[White "Aglietti, Graziano"]
[Black "Tedeschi, Luciano"]
[WhiteElo "2087"]
[BlackElo "1788"]
[Result "1/2-1/2"]
[PlyCount "71"]
[EventDate "2001.02.25"]

1. e4 c6 2. d4 d5 3. Nc3 dxe4 4. Nxe4 Bf5 5. Ng3 Bg6 6. Nf3 Nd7 7. h4 h6 8. h5
Bh7 9. Bd3 Bxd3 10. Qxd3 e6 11. Bf4 Ngf6 12. O-O-O Qb6 13. Ne5 Bd6 14. Kb1
O-O-O 15. Nc4 Bxf4 16. Nxb6+ Nxb6 17. Ne4 Nxe4 18. Qxe4 Bg5 19. f4 Bf6 20. g4
Rd5 21. c3 Rhd8 22. Kc2 Nc4 23. b3 Na3+ 24. Kb2 Nb5 25. Kc2 c5 26. g5 hxg5 27.
fxg5 Rxg5 28. a4 Nd6 29. Qf3 cxd4 30. cxd4 Nf5 31. h6 Rg3 32. Qf4 Rg4 33. Qf3
Rg3 34. Qf4 Rg4 35. Qf3 Rg3 36. Qf4 1/2-1/2

[Event "XXXIII C.to Italiano a squadre A2.1"]
[Site "ITA"]
[Date "2001.04.08"]
[Round "4"]
[White "Berni, Mauro"]
[Black "Mariano, Elia"]
[WhiteElo "2024"]
[BlackElo "2156"]
[Result "1-0"]
[PlyCount "88"]
[EventDate "2001.02.25"]

1. e4 c6 2. d4 d5 3. exd5 cxd5 4. Bd3 Nc6 5. c3 Nf6 6. Bf4 g6 7. Nd2 Bg7 8.
Ngf3 O-O 9. O-O Nh5 10. Be3 Qc7 11. Re1 Rb8 12. Nf1 b5 13. Ng3 Nf4 14. Bf1 Ne6
15. Qb3 Na5 16. Qc2 b4 17. Qd3 Nc4 18. cxb4 Nxe3 19. fxe3 Rxb4 20. b3 Qd6 21.
Rac1 Bd7 22. Rc3 Nd8 23. Rec1 Nc6 24. Qd2 Rb6 25. Be2 Re8 26. Rc5 Bh6 27. Nf1
e6 28. Qe1 Nb4 29. g3 Na6 30. Ra5 Rc8 31. Ne5 Rxc1 32. Qxc1 Be8 33. Qc8 Rb8 34.
Qxa6 Rb6 35. Qc8 Rb8 36. Qc3 f6 37. Ng4 Bg5 38. Qc5 Qxc5 39. Rxc5 h5 40. Nf2
Rb7 41. Nd3 Kf7 42. Kf2 Bh6 43. Nd2 Ke7 44. Nf3 44... Kd6 {...} 1-0

[Event "XXXIII C.to Italiano a squadre A2.1"]
[Site "ITA"]
[Date "2001.04.08"]
[Round "4"]
[White "Collareta, Giovanni"]
[Black "Castaldo, Folco"]
[WhiteElo "2115"]
[BlackElo "2298"]
[Result "1/2-1/2"]
[PlyCount "116"]
[EventDate "2001.02.25"]

1. c4 c5 2. Nf3 Nf6 3. g3 b6 4. Bg2 Bb7 5. O-O g6 6. b3 Bg7 7. Bb2 O-O 8. Nc3
d6 9. d4 cxd4 10. Nxd4 Bxg2 11. Kxg2 Qc8 12. h3 Qb7+ 13. Kh2 Nbd7 14. Qd2 h5
15. Nf3 a6 16. Nd5 Rfe8 17. Nxf6+ Nxf6 18. Kg1 b5 19. Bxf6 Bxf6 20. Rac1 Rac8
21. cxb5 axb5 22. Rxc8 Qxc8 23. h4 Qc3 24. Rc1 Qxd2 25. Nxd2 Ra8 26. Rc2 Kf8
27. Kf1 Ke8 28. e3 Kd7 29. Ke2 e6 30. Ne4 Be7 31. Kd3 Ra5 32. Ke2 Ra7 33. Nd2
f6 34. f4 Ra8 35. Nf3 Ra6 36. e4 e5 37. fxe5 dxe5 38. Nd2 Ke6 39. Nf1 f5 40.
Kf3 f4 41. Nd2 g5 42. hxg5 Bxg5 43. Kg2 fxg3 44. Kxg3 Be7 45. Nf3 Ra8 46. Rc6+
Bd6 47. Rc2 Be7 48. Rc6+ Bd6 49. Rc2 Kd7 50. Nh4 Rg8+ 51. Kf3 Rg4 52. Nf5 Rf4+
53. Ke3 Bc7 54. Rg2 Bb6+ 55. Kd3 Rf3+ 56. Ke2 Rf4 57. Kd3 Rf3+ 58. Ke2 58...
Rc3 {...} 1/2-1/2

[Event "XXXIII C.to Italiano a squadre A2.1"]
[Site "ITA"]
[Date "2001.04.08"]
[Round "4"]
[White "Pernigotti, Carlo"]
[Black "Rivello, Roberto"]
[WhiteElo "2166"]
[BlackElo "2280"]
[Result "1-0"]
[PlyCount "83"]
[EventDate "2001.02.25"]

1. e4 c5 2. Nf3 d6 3. d4 cxd4 4. Nxd4 Nf6 5. Nc3 e6 6. g4 Nc6 7. g5 Nd7 8. Be3
Be7 9. h4 O-O 10. Qh5 a6 11. O-O-O Qa5 12. f4 Rd8 13. f5 Nde5 14. f6 Bf8 15.
Kb1 Bd7 16. Rg1 Rac8 17. Nb3 Qc7 18. Qe2 b5 19. Qf2 Rb8 20. h5 Be8 21. Bh3 Nc4
22. Bc1 b4 23. Ne2 e5 24. g6 fxg6 25. hxg6 hxg6 26. Qh4 Bf7 27. Rh1 gxf6 28.
Be6 Bg7 29. Qh7+ Kf8 30. Bxc4 Bxc4 31. Bh6 Bxe2 32. Qh8+ Kf7 33. Qxg7+ Ke6 34.
Qxc7 Bxd1 35. Rxd1 Rbc8 36. Qg7 g5 37. Rf1 Rf8 38. Qb7 Rg8 39. Qxa6 Ne7 40. Qd3
Rg6 41. Rh1 Ng8 42. Qd5+ 1-0

[Event "XXXIII C.to Italiano a squadre A2.1"]
[Site "ITA"]
[Date "2001.04.08"]
[Round "4"]
[White "Ranieri, Fabrizio"]
[Black "Molinari, Mario"]
[WhiteElo "2164"]
[BlackElo "2180"]
[Result "1/2-1/2"]
[PlyCount "77"]
[EventDate "2001.02.25"]

1. e4 c5 2. d4 cxd4 3. Nf3 d6 4. Nxd4 Nf6 5. Nc3 Nc6 6. Be3 Ng4 7. Bb5 Nxe3 8.
Nxc6 Nxg2+ 9. Kf1 bxc6 10. Bxc6+ Bd7 11. Bxa8 Nh4 12. Bd5 Bh3+ 13. Ke1 Qb6 14.
Bxf7+ Kd8 15. Qh5 g5 16. Rg1 Qxb2 17. Kd2 Bg7 18. Rg3 Qxa1 19. Qxg5 Be5 20.
Rxh3 Rf8 21. Ne2 h6 22. Qg4 Bd4 23. Rb3 Bb6 24. Rc3 Bc5 25. Nd4 Nf3+ 26. Nxf3
Qf1 27. Qg7 Rxf7 28. Qg8+ Kd7 29. Qxf7 Bb4 30. Qf5+ Ke8 31. Qh5+ Kd8 32. Qh4
Qc4 33. Qxh6 Qxc3+ 34. Ke2 Qxc2+ 35. Nd2 Qxa2 36. Qh8+ Kc7 37. Qd4 Bc5 38. Qg7
Qa6+ 39. Ke1 1/2-1/2

[Event "XXXIII C.to Italiano a squadre A2.2"]
[Site "ITA"]
[Date "2001.02.25"]
[Round "1"]
[White "Bianchi, Alberto"]
[Black "Del Monte, Jorge Luis"]
[WhiteElo "2046"]
[BlackElo "1923"]
[Result "1/2-1/2"]
[PlyCount "116"]
[EventDate "2001.02.25"]

1. e4 c5 2. Nc3 Nc6 3. g3 g6 4. Bg2 Bg7 5. d3 e6 6. Be3 Nd4 7. Qd2 Rb8 8. Nd1
b6 9. c3 Nc6 10. Ne2 Nge7 11. Bh6 Bxh6 12. Qxh6 Ba6 13. Nc1 Qc7 14. Bf3 Ne5 15.
Be2 f5 16. Qe3 fxe4 17. dxe4 Bxe2 18. Qxe2 O-O 19. f4 N5c6 20. O-O d5 21. Nf2
Kh8 22. Nb3 Rbd8 23. Rac1 e5 24. Nh3 Qc8 25. Kg2 dxe4 26. Qxe4 Qf5 27. Qxf5
Nxf5 28. Rfe1 c4 29. Na1 Rd2+ 30. Kg1 exf4 31. Nxf4 g5 32. Ne6 Re8 33. Nxg5
Ree2 34. Rxe2 Rxe2 35. Nc2 Ne5 36. Nd4 Nxd4 37. cxd4 Nd3 38. Rxc4 Nxb2 39. Rc8+
Kg7 40. Rc7+ Kg6 41. Nxh7 Nd1 42. Nf8+ Kf5 43. Rf7+ Kg4 44. Rf4+ Kh5 45. d5 Rd2
46. Rh4+ Kg5 47. Ne6+ Kf6 48. Nf4 Ne3 49. a4 Ke5 50. Rh7 Ke4 51. Rf7 Nf5 52.
Ng2 a5 53. g4 Nd4 54. d6 Nf3+ 55. Kf1 Rd4 56. Kf2 Nxh2 57. Kg3 Nxg4 58. Kxg4
Rxd6 1/2-1/2

[Event "XXXIII C.to Italiano a squadre A2.2"]
[Site "ITA"]
[Date "2001.02.25"]
[Round "1"]
[White "Pirola, Andrea"]
[Black "Cavallini, Gianfranco"]
[WhiteElo "2097"]
[BlackElo "2020"]
[Result "1-0"]
[PlyCount "77"]
[EventDate "2001.02.25"]

1. d4 Nf6 2. Bg5 c6 3. c3 d5 4. Nf3 Qd6 5. g3 Nh5 6. Bc1 Nd7 7. Bg2 g6 8. b3
Bg7 9. Ba3 Qf6 10. Nbd2 c5 11. Rc1 Qa6 12. Bxc5 Nxc5 13. dxc5 Qxa2 14. O-O O-O
15. Nd4 Qa5 16. b4 Qd8 17. N2b3 e5 18. Nb5 e4 19. Nd6 b6 20. Qxd5 Be6 21. Qd1
f5 22. Nd4 Qe7 23. Nxe6 Qxe6 24. Nb5 Rad8 25. Nd4 Qc4 26. cxb6 axb6 27. e3 Nf6
28. Re1 Ng4 29. Bf1 Qa2 30. Re2 Qf7 31. Qa4 f4 32. gxf4 Bxd4 33. cxd4 Rxd4 34.
h3 Rd5 35. hxg4 b5 36. Qa2 h5 37. Rc7 Qe6 38. Rd2 Rfd8 39. Rc5 1-0

[Event "XXXIII C.to Italiano a squadre A2.2"]
[Site "ITA"]
[Date "2001.02.25"]
[Round "1"]
[White "Sala, Gianni"]
[Black "Bosio, Devis"]
[WhiteElo "1759"]
[BlackElo "2077"]
[Result "0-1"]
[PlyCount "74"]
[EventDate "2001.02.25"]

1. e4 c6 2. d4 d5 3. Nc3 dxe4 4. Nxe4 Bf5 5. Ng3 Bg6 6. Nf3 Nd7 7. h4 h6 8. Bd3
Bxd3 9. Qxd3 e6 10. Bd2 Ngf6 11. c4 Be7 12. Bc3 Qc7 13. Ne4 Qf4 14. Nxf6+ Nxf6
15. g3 Qe4+ 16. Qxe4 Nxe4 17. O-O O-O 18. Rfd1 Nxc3 19. bxc3 Bf6 20. c5 b6 21.
cxb6 axb6 22. Rdb1 b5 23. Rb3 Ra4 24. Kg2 Rfa8 25. a3 Be7 26. Ne5 R8a6 27. c4
b4 28. c5 Rxa3 29. Rab1 Bf6 30. Nf3 Rxb3 31. Rxb3 Ra4 32. Kf1 Ra3 33. Re3 g5
34. hxg5 Bxg5 35. Rxa3 bxa3 36. Ne1 a2 37. Nc2 Bd2 0-1

[Event "XXXIII C.to Italiano a squadre A2.2"]
[Site "ITA"]
[Date "2001.03.11"]
[Round "2"]
[White "Bianchi, Alberto"]
[Black "Serpi, Andrea"]
[WhiteElo "2046"]
[BlackElo "2175"]
[Result "0-1"]
[PlyCount "42"]
[EventDate "2001.02.25"]

1. e4 d5 2. exd5 Qxd5 3. Nc3 Qa5 4. d4 Nf6 5. Bd2 Bg4 6. Be2 Bxe2 7. Qxe2 Nc6
8. Qb5 Qxb5 9. Nxb5 O-O-O 10. c3 a6 11. Na3 e5 12. dxe5 Nxe5 13. Nc2 Nd3+ 14.
Ke2 Nxf2 15. Nf3 Nxh1 16. Rxh1 Bc5 17. Ncd4 Rhe8+ 18. Kd3 Ne4 19. Be3 Bb6 20.
Ke2 Nf6 21. h3 Nd5 0-1

[Event "XXXIII C.to Italiano a squadre A2.2"]
[Site "ITA"]
[Date "2001.03.11"]
[Round "2"]
[White "Caselli, Luigi"]
[Black "Volpi, Davide"]
[WhiteElo "2282"]
[BlackElo "2100"]
[Result "1/2-1/2"]
[PlyCount "75"]
[EventDate "2001.02.25"]

1. d4 Nf6 2. Bg5 d5 3. Bxf6 gxf6 4. g3 Nc6 5. Bg2 Bf5 6. c3 Qd7 7. e3 h5 8. h4
O-O-O 9. Ne2 e5 10. O-O Bh3 11. Nd2 Bxg2 12. Kxg2 Be7 13. b4 Rdg8 14. Rh1 Bd6
15. Nb3 Ne7 16. Nc5 Qf5 17. Rg1 b6 18. Nd3 Qe4+ 19. Kf1 Nf5 20. Qd2 exd4 21.
cxd4 Re8 22. Nef4 Rhg8 23. Ne1 Bxf4 24. exf4 Nxd4 25. Rd1 Nc6 26. Qxd5 Qxd5 27.
Rxd5 Nxb4 28. Rxh5 Nxa2 29. Kg2 Nb4 30. Nf3 Nd3 31. Rf5 Re4 32. Ra1 a5 33. Kf1
Re6 34. Nd4 Rd6 35. Nb5 Re6 36. Nd4 Rd6 37. Nb5 Re6 38. Nd4 1/2-1/2

[Event "XXXIII C.to Italiano a squadre A2.2"]
[Site "ITA"]
[Date "2001.03.11"]
[Round "2"]
[White "Chiaretti, Roberto"]
[Black "Cavallini, Gianfranco"]
[WhiteElo "2199"]
[BlackElo "2020"]
[Result "1-0"]
[PlyCount "83"]
[EventDate "2001.02.25"]

1. d4 Nf6 2. Nf3 d6 3. c4 Nbd7 4. Nc3 e5 5. e4 Be7 6. Be2 O-O 7. O-O c6 8. Re1
Qc7 9. Bf1 a6 10. d5 Nh5 11. Bd2 c5 12. a3 Kh8 13. Be3 Rg8 14. b4 b6 15. Rb1 g6
16. Qa4 f5 17. Ng5 f4 18. Ne6 Qa7 19. Bd2 Nf8 20. bxc5 bxc5 21. Nxf8 Rxf8 22.
Be2 Bd7 23. Qc2 Nf6 24. Rb3 g5 25. Reb1 Qc7 26. Rb7 Qd8 27. h3 g4 28. hxg4 Nxg4
29. Bxg4 Bxg4 30. f3 Bh4 31. fxg4 Bg3 32. Qd1 f3 33. gxf3 Qh4 34. Qe2 h5 35.
Qg2 hxg4 36. f4 exf4 37. Ne2 Kg8 38. Bc3 Rf7 39. Rxf7 Kxf7 40. Rb7+ Kg6 41.
Nxg3 fxg3 42. Rg7+ 1-0

[Event "XXXIII C.to Italiano a squadre A2.2"]
[Site "ITA"]
[Date "2001.03.11"]
[Round "2"]
[White "Sala, Gianni"]
[Black "Popa, Florin"]
[WhiteElo "1759"]
[BlackElo "2211"]
[Result "0-1"]
[PlyCount "50"]
[EventDate "2001.02.25"]

1. e4 e5 2. Nf3 Nc6 3. Bb5 a6 4. Ba4 f5 5. Nc3 b5 6. Bb3 b4 7. Bxg8 Rxg8 8. Nd5
fxe4 9. Ng1 g6 10. Qg4 Bb7 11. Qxe4 Bd6 12. Nf3 Rb8 13. d3 Ne7 14. Nf6+ Kf7 15.
Nxe5+ Kxf6 16. Ng4+ Kf7 17. Nh6+ Kf8 18. Qg4 Rg7 19. Bg5 c5 20. O-O Qc7 21. f4
Nf5 22. Nxf5 gxf5 23. Qxf5+ Kg8 24. Rf2 Rf8 25. Bf6 Rg6 0-1

[Event "XXXIII C.to Italiano a squadre A2.3"]
[Site "ITA"]
[Date "2001.04.08"]
[Round "4"]
[White "Mascellani, Marco"]
[Black "Caruso, Augusto"]
[WhiteElo "2266"]
[BlackElo "2255"]
[Result "1-0"]
[PlyCount "49"]
[EventDate "2001.02.25"]

1. d4 Nf6 2. Nf3 e6 3. Bg5 c5 4. e3 Qb6 5. Nbd2 Nc6 6. Bxf6 gxf6 7. Nc4 Qc7 8.
d5 Nd8 9. a4 d6 10. e4 b6 11. Be2 Bd7 12. O-O Nb7 13. Nh4 Be7 14. dxe6 fxe6 15.
Bh5+ Kd8 16. Qg4 Kc8 17. Rfd1 Qd8 18. Bf7 f5 19. exf5 exf5 20. Nxf5 Rf8 21. Qe4
Bxf5 22. Qxf5+ Kc7 23. Qxh7 Qd7 24. Ne5 Qc8 25. Ng6 1-0

[Event "XXXIII C.to Italiano a squadre A2.5"]
[Site "ITA"]
[Date "2001.03.11"]
[Round "2"]
[White "Evangelisti, Claudio R."]
[Black "Voltolini, Mario"]
[WhiteElo "2240"]
[BlackElo "2215"]
[Result "1-0"]
[PlyCount "57"]
[EventDate "2001.02.25"]

1. d4 c5 2. e3 g6 3. Nf3 Bg7 4. c4 Nf6 5. Nc3 cxd4 6. exd4 d5 7. h3 O-O 8. Be3
Nc6 9. Rc1 Re8 10. cxd5 Nb4 11. Bb5 Bd7 12. Bc4 b5 13. Bb3 Bf5 14. Ne5 Nfxd5
15. Nxd5 Nxd5 16. Nxf7 Kxf7 17. Qf3 e6 18. g4 Qf6 19. Bxd5 exd5 20. gxf5 Qxf5
21. Rc7+ Re7 22. Rxe7+ Kxe7 23. Qxf5 gxf5 24. Ke2 Rc8 25. Kd3 Kf7 26. Re1 b4
27. Bf4 Bxd4 28. Kxd4 Rc4+ 29. Ke5 1-0

[Event "XXXIII C.to Italiano a squadre A2.5"]
[Site "ITA"]
[Date "2001.03.25"]
[Round "3"]
[White "Del Dotto, Riccardo"]
[Black "Benedetti, Fabrizio"]
[WhiteElo "2175"]
[BlackElo "2220"]
[Result "1-0"]
[PlyCount "65"]
[EventDate "2001.02.25"]

1. e4 c5 2. Nc3 Nc6 3. g3 d6 4. Bg2 g6 5. d3 Bg7 6. Be3 Nd4 7. Qd2 Rb8 8. Nd1
e5 9. c3 Nc6 10. Ne2 Qa5 11. O-O Nge7 12. Bh6 O-O 13. Bxg7 Kxg7 14. f4 f5 15.
Ne3 Be6 16. Nd5 exf4 17. Nexf4 Bg8 18. b4 cxb4 19. cxb4 Qd8 20. Qb2+ Ne5 21.
Nxe7 Qxe7 22. exf5 Rxf5 23. Rad1 Qd8 24. Kh1 Bf7 25. d4 Nc4 26. Qe2 Qg8 27. d5
Ne5 28. Qf2 Qd8 29. Qxa7 Kg8 30. Bh3 Rxf4 31. gxf4 Bxd5+ 32. Bg2 Ra8 33. Bxd5+
1-0

[Event "XXXIII C.to Italiano a squadre A2.5"]
[Site "ITA"]
[Date "2001.04.08"]
[Round "4"]
[White "Bocchicchio, Gaetano"]
[Black "Del Dotto, Riccardo"]
[WhiteElo "2212"]
[BlackElo "2175"]
[Result "1/2-1/2"]
[PlyCount "120"]
[EventDate "2001.02.25"]

1. d4 d5 2. Nc3 Nf6 3. Bg5 Bf5 4. f3 c6 5. Qd2 Nbd7 6. e4 dxe4 7. Qf4 Qa5 8.
O-O-O e6 9. Bxf6 Nxf6 10. fxe4 Bg6 11. Bd3 Bb4 12. Nge2 O-O-O 13. e5 Nd5 14.
Nxd5 Qxd5 15. c4 Qxg2 16. Rhg1 Qh3 17. Kc2 Rd7 18. Qf2 Rhd8 19. Rg3 Qh4 20. Qg2
Ba5 21. Bxg6 hxg6 22. a3 Bc7 23. Rg4 Qe7 24. Nc3 c5 25. Nb5 Bxe5 26. Nxa7+ Kb8
27. Nb5 Bxd4 28. Qg3+ e5 29. b4 Qe6 30. Kb3 Ba1 31. Rxd7 Qxd7 32. Qf3 cxb4 33.
axb4 Qd2 34. Rg2 Rd3+ 35. Ka4 Qxb4+ 36. Kxb4 Rxf3 37. Rd2 Bd4 38. Nxd4 exd4 39.
Rxd4 Kc7 40. Re4 Kd7 41. Rd4+ Kc6 42. Rd8 Rh3 43. Rc8+ Kd6 44. c5+ Ke6 45. Re8+
Kd7 46. Rb8 Kc7 47. Re8 Rf3 48. Kb5 g5 49. Re5 g4 50. Rg5 f5 51. Rxg7+ Kb8 52.
Rg8+ Ka7 53. Rg7 Rc3 54. Rf7 Rc2 55. Rxf5 Rxh2 56. Rg5 Rg2 57. Rg7 Kb8 58. Rg8+
Kc7 59. Rg7+ Kb8 60. Rg8+ Kc7 1/2-1/2

[Event "XXXIII C.to Italiano a squadre A2.5"]
[Site "ITA"]
[Date "2001.04.08"]
[Round "4"]
[White "Nannelli, Paolo"]
[Black "Evangelisti, Claudio R."]
[WhiteElo "2190"]
[BlackElo "2240"]
[Result "1-0"]
[PlyCount "123"]
[EventDate "2001.02.25"]

1. Nf3 Nf6 2. g3 b6 3. Bg2 Bb7 4. c4 e6 5. O-O Be7 6. b3 O-O 7. Bb2 c5 8. Nc3
Na6 9. e3 Nc7 10. Qe2 Rc8 11. Rfd1 Qe8 12. Rac1 Ba6 13. a4 d5 14. Nb5 Nxb5 15.
axb5 Bb7 16. Ra1 Ra8 17. Ra2 a6 18. bxa6 Rxa6 19. Rxa6 Bxa6 20. Ra1 Bb7 21. Ne5
Bd6 22. Ng4 Nd7 23. f4 Be7 24. Qd1 h5 25. Ne5 Nxe5 26. Bxe5 Qd7 27. Qxh5 Ra8
28. Qd1 Rxa1 29. Qxa1 f6 30. Bc3 dxc4 31. Qa7 Bc8 32. Qxb6 cxb3 33. Qxb3 Ba6
34. Bh3 c4 35. Qb6 Bc8 36. Bf1 Qd5 37. Qc7 Bb7 38. Qxe7 Qh1+ 39. Kf2 Qxh2+ 40.
Ke1 Qxg3+ 41. Kd1 Qf3+ 42. Be2 Qh1+ 43. Kc2 Be4+ 44. d3 cxd3+ 45. Bxd3 Qg2+ 46.
Bd2 Bxd3+ 47. Kxd3 Qd5+ 48. Kc3 Qc6+ 49. Kb2 Kh7 50. Qb4 Kg6 51. Qc3 Qe4 52.
Qc2 Kf5 53. Qxe4+ Kxe4 54. Kc2 g5 55. fxg5 fxg5 56. Kd1 Kf3 57. Ke1 e5 58. Kf1
e4 59. Bc1 g4 60. Bd2 Kg3 61. Kg1 Kf3 62. Bc1 1-0

[Event "XXXIII C.to Italiano a squadre A2.7.1"]
[Site "ITA"]
[Date "2001.02.25"]
[Round "1"]
[White "Liguori, Renato"]
[Black "Tassi, Oliviero"]
[WhiteElo "2110"]
[BlackElo "2305"]
[Result "1-0"]
[PlyCount "79"]
[EventDate "2001.02.25"]

1. d4 Nf6 2. c4 c5 3. Nf3 cxd4 4. Nxd4 e5 5. Nb3 Qc7 6. e3 Bb4+ 7. Bd2 Bxd2+ 8.
Qxd2 O-O 9. Nc3 b6 10. Be2 Bb7 11. O-O Ne4 12. Nxe4 Bxe4 13. Rfd1 a5 14. Rac1
a4 15. Na1 Ra5 16. Nc2 Qb7 17. Bf1 f5 18. f3 Bxc2 19. Rxc2 f4 20. Bd3 Qc7 21.
Be4 fxe3 22. Qxe3 Na6 23. Qd3 Nb4 24. Bxh7+ Kh8 25. Qg6 Rf6 26. Qh5 Rh6 27. Qf7
Kxh7 28. Rxd7 Qc5+ 29. Kf1 Rg6 30. Rcd2 e4 31. Rd8 e3 32. Qg8+ Kh6 33. Qh8+ Kg5
34. R2d4 e2+ 35. Kxe2 Re6+ 36. Kf1 Qe7 37. Rg4+ Kf6 38. Rf8+ Ke5 39. Rxg7 Qxg7
40. Qxg7+ 1-0

[Event "XXXIII C.to Italiano a squadre A2.7.1"]
[Site "ITA"]
[Date "2001.03.25"]
[Round "3"]
[White "Liguori, Renato"]
[Black "Verrascina, Nicola"]
[WhiteElo "2110"]
[BlackElo "2129"]
[Result "1-0"]
[PlyCount "91"]
[EventDate "2001.02.25"]

1. d4 f5 2. Nc3 d5 3. Bg5 c6 4. e3 Nf6 5. Bxf6 exf6 6. Bd3 Be6 7. Nge2 Bd6 8.
Nf4 Qe7 9. Qh5+ g6 10. Nxg6 Qf7 11. Nf4 Bxf4 12. Qxf7+ Kxf7 13. exf4 Nd7 14.
Nd1 Nf8 15. Ne3 Ng6 16. g3 Ne7 17. O-O h5 18. Rfe1 h4 19. Re2 Bd7 20. Rae1 Rae8
21. Ng2 hxg3 22. fxg3 b6 23. Nh4 c5 24. dxc5 bxc5 25. Rxe7+ Rxe7 26. Rxe7+ Kxe7
27. Ng6+ Kf7 28. Nxh8+ Kg7 29. Kf2 Kxh8 30. Ke3 d4+ 31. Kd2 Kg7 32. c3 dxc3+
33. Kxc3 Be6 34. Bc4 Bd7 35. Bd5 Bb5 36. b3 Be2 37. Bc4 Bf3 38. Be6 Kg6 39. Kc4
Kh5 40. Kxc5 Be4 41. Kd6 Kg4 42. Ke7 Kh3 43. Kxf6 Kxh2 44. Bxf5 Bd5 45. g4 Kg3
46. Ke5 1-0

[Event "XXIX Gold Cup"]
[Site "Merano - Meran ITA"]
[Date "2001.05.??"]
[Round "1"]
[White "Fischer, Roger"]
[Black "Bonani, Georg"]
[Result "1-0"]
[WhiteElo "2151"]
[BlackElo "1791"]
[PlyCount "107"]
[EventDate "2001.05.05"]

1. Nf3 Nf6 2. c4 g6 3. g3 Bg7 4. Bg2 O-O 5. O-O d6 6. Nc3 e5 7. d3 Nc6 8. Rb1
Nh5 9. b4 f5 10. b5 Ne7 11. Qb3 Kh8 12. Nd2 Rb8 13. Bb2 Be6 14. Nd5 Nxd5 15.
cxd5 Bd7 16. Nc4 f4 17. a4 Nf6 18. Rfc1 g5 19. Nd2 h5 20. d4 Re8 21. dxe5 dxe5
22. e4 h4 23. gxf4 gxf4 24. Bh3 Rg8 25. Kh1 Ng4 26. Bxg4 Bxg4 27. f3 Bh3 28.
Rg1 c6 29. Nc4 Qe7 30. Ba3 c5 31. b6 a6 32. Nd2 Rbc8 33. Qc4 Bf8 34. Nb3 Qd6
35. a5 Be7 36. Nd2 Kh7 37. Qd3 Rg6 38. Rxg6 Qxg6 39. Rg1 Qf6 40. Nc4 Rg8 41.
Rxg8 Kxg8 42. d6 Qg6 43. Qd2 Bf6 44. Qf2 Be6 45. Nb2 c4 46. Na4 h3 47. Qg1 Bg5
48. Nc5 Kf7 49. Nxe6 Kxe6 50. Qg4+ Kf7 51. Qd7+ Kg8 52. Qc8+ Kh7 53. Qxb7+ Kh6
54. Qc8 1-0

[Event "XXIX Gold Cup"]
[Site "Merano - Meran ITA"]
[Date "2001.05.??"]
[Round "2"]
[White "Byhan, Gert"]
[Black "Geveke, Michael"]
[Result "0-1"]
[WhiteElo "2026"]
[BlackElo "2279"]
[PlyCount "69"]
[EventDate "2001.05.05"]

1. e4 e6 2. d4 d5 3. e5 c5 4. c3 Nc6 5. Nf3 Bd7 6. Bd3 Qb6 7. dxc5 Bxc5 8. Qe2
a5 9. Nbd2 a4 10. b3 f6 11. exf6 Nxf6 12. b4 Bd6 13. O-O O-O 14. Rd1 Qc7 15. h3
e5 16. Bb5 e4 17. Ne1 Ne5 18. Bxd7 Qxd7 19. a3 Qf5 20. Nf1 Ng6 21. Nc2 Nh5 22.
Nce3 Nhf4 23. Qa2 Qg5 24. Ng3 Ne7 25. Ng4 Kh8 26. Nxe4 dxe4 27. Rxd6 h5 28.
Bxf4 Qxf4 29. Rd7 hxg4 30. Rxe7 gxh3 31. Qe2 Qg5 32. Qxe4 Rf4 33. Qxb7 Raf8 34.
Rf1 Rg8 35. Kh1 0-1

[Event "XXIX Gold Cup"]
[Site "Merano - Meran ITA"]
[Date "2001.05.??"]
[Round "2"]
[White "Jacob, Konrad"]
[Black "Krafzik, Joachim"]
[Result "0-1"]
[WhiteElo "2039"]
[BlackElo "2125"]
[PlyCount "124"]
[EventDate "2001.05.05"]

1. e4 e6 2. d4 d5 3. Bd3 Nf6 4. exd5 Qxd5 5. Nf3 h6 6. O-O Be7 7. c4 Qd8 8. Nc3
O-O 9. h3 Nc6 10. a3 Kh8 11. Be3 b6 12. Qd2 Ng8 13. Be4 Bb7 14. b4 Qc8 15. Bxc6
Bxc6 16. Ne5 Bb7 17. Rad1 Bf6 18. Ng4 Qd8 19. Ne2 Be4 20. Nf4 Bf5 21. Ne5 c5
22. Nc6 Qc7 23. d5 cxb4 24. axb4 exd5 25. Qxd5 Bc8 26. b5 Bb7 27. Qd7 Qc8 28.
Nb4 Qxc4 29. Qxb7 Qxb4 30. Nd5 Qa4 31. Nxf6 Nxf6 32. Ra1 Qxb5 33. Rxa7 Rxa7 34.
Qxa7 Nd5 35. Bd4 Qc6 36. Qa1 Qg6 37. Qa3 Rd8 38. Qf3 Nc7 39. Be3 Qe6 40. Qb7
Nd5 41. Bc1 Qe7 42. Qa6 Qe6 43. Qb7 Rd7 44. Qc8+ Kh7 45. Qc2+ Qg6 46. Qb3 Nc7
47. Re1 Qc6 48. Be3 b5 49. Rc1 Qd5 50. Qc2+ g6 51. Ra1 Ne6 52. Qc8 Rd8 53. Qc3
Ra8 54. Rxa8 Qxa8 55. Qf6 Qg8 56. g4 Qg7 57. Qe7 Qf8 58. Qf6 b4 59. f4 Qg7 60.
Qe7 b3 61. Qb4 Qa1+ 62. Kf2 b2 0-1